01361nam a2200241Ia 450000100060000000300090000600800410001504000130005604000130006904100130008210000160009510000290011124500390014024500390017925000110021826000100022926000090023926000490024830000570029750006990035465000350105365000310108899434IT-RoPAU130308s9999 xx 000 0 und d aIT-RoPAU cIT-RoPAU aFRANCESE aMayere Anne gCodice Aut. SPICS: 34255 aPour une economie de l'information bPour Une Economie de L'Information a1a ed. aPARIS bCNRS c1990 [1° Ed.:1990 - Ed.Ling.Originale:1990] a"320 p. (prefazione: no ; testo: 320 [pagine: 0-0])" aPer una Economia dell'Informazione. Nature Funzioni e Valori dell'Informazione. Definizione dell'Informazione. Informazione e Organizzazioni. Modi Diproduzione dell'informazione e strutture di Organizzazione. Valore e Statuto Economico dell'Informazione. Teoria Classica del Valore. Servizio e Informazione. Informazione e Mutazione del Sistema Produttivo. Produzione dell'informazione fondamento dell'Industrializzazione. Mutazione del Lavoro e Produzione D'Informazione. tecnologie dell'informazione e riorganizzazione della Produzione. Capitalizzazione delle Conoscenze. Informazione e Nuovo Modo di Produzione e di Scambio. Produzione Utilizzazione. Dinamica Convergente di merci e Servizi. aSAGGI DI COMUNICAZIONE SOCIALE eCodice materia Spics: 3807